000 00398nam a22001697a 4500
005 20160530110749.0
008 160530b xxu||||| |||| 00| 0 eng d
020 _a81-203-2070-0
041 _aeng
082 _b6001
100 _aSchiffman & Kanuk Leslic Lazer
_91497
245 _aConsumer Behaviour
260 _aNew Delhi
_bPHI,
300 _a469
650 _aManagement
_9241
942 _cBK
999 _c2117
_d2116